000
00294nam a2200133Ia 4500
005
20251222155113.0
008
251222s9999||||xx |||||||||||||| ||spa||
082
_a
FIL. 07.65
100
_a
ARISTOTELES,
245
0
_a
Etica a Nicómaco
250
_a
1ra. ed.
264
_b
Orbis
942
_c
LIB
999
_c
38147
_d
38147